Central Library OPAC University of Rajshahi

Father of the Nation : (Record no. 80240)

MARC details
000 -LEADER
fixed length control field 00763nam a2200217 a 4500
001 - CONTROL NUMBER
control field 80240
003 - CONTROL NUMBER IDENTIFIER
rucl marc code BD-RjUL
005 - DATE AND TIME OF LATEST TRANSACTION
control field 20220825124729.0
008 - FIXED-LENGTH DATA ELEMENTS--GENERAL INFORMATION
fixed length control field 220825s2021 bg ||||| |||| 00| 0 eng d
020 ## - INTERNATIONAL STANDARD BOOK NUMBER
International Standard Book Number 9789845027823
035 ## - SYSTEM CONTROL NUMBER
System control number (BD-RjUL)80240
040 ## - CATALOGING SOURCE
Original cataloging agency BD-RjUL
Language of cataloging eng
Transcribing agency BD-RjUL
041 ## - LANGUAGE CODE
Language code of text/sound track or separate title eng
082 ## - DEWEY DECIMAL CLASSIFICATION NUMBER
Edition number 23
Classification number 954.9205092
Author mark and year FAT 2021
245 ## - TITLE STATEMENT
Title Father of the Nation :
Remainder of title Bangabandhu Sheikh Mujibur Rahman /
Statement of responsibility, etc. edited by Sheikh Hasina
260 ## - PUBLICATION, DISTRIBUTION, ETC. (IMPRINT)
Place of publication, distribution, etc. Dhaka :
Name of publisher, distributor, etc. National Implementation Committee for the Celebration of Birth Centenary of the Father of the Nation Bangabandhu Sheikh Mujibur Rahman,
Date of publication, distribution, etc. c2021
300 ## - PHYSICAL DESCRIPTION
Pagination 433 p.:
Illustrations ill.;
Size 24 cm
600 ## - SUBJECT ADDED ENTRY--PERSONAL NAME
Personal name Mujibur Rahman, Sheikh,
Dates associated with a name 1920-1975
700 ## - ADDED ENTRY--PERSONAL NAME
Personal name Hasina, Sheikh
942 ## - ADDED ENTRY ELEMENTS (KOHA)
Source of classification or shelving scheme Dewey Decimal Classification
Koha item type Books
Holdings
Lost status Source of classification or shelving scheme Damaged status Not for loan Collection code Permanent Location Current Location Shelving location Date acquired Source of acquisition Total Checkouts Full call number Date last seen Copy number Koha item type
  Dewey Decimal Classification   Not For Loan Non-fiction Central Library, University of Rajshahi Central Library, University of Rajshahi Reading Room 17/08/2022 Author   954.9205092 FAT 2021 25/08/2022 C-1 Books